Сонеты (Запись № 12137563)

Подробности
000 -МАРКЕР
контрольное поле 01735nam0a2200349 i 4500
001 - ИДЕНТИФИКАТОР ЗАПИСИ
контрольное поле RU\NLR\BIBL_A\011244832
005 - ИДЕНТИФИКАТОР ВЕРСИИ
контрольное поле 20260406143640.0
021 ## - НОМЕР ГОСУДАРСТВЕННОЙ РЕГИСТРАЦИИ
Код страны Российская Федерация
Номер 2017-9092
Номер Листа государственной регистраци 664
035 ## - ДРУГИЕ СИСТЕМНЫЕ НОМЕРА
Идентификатор записи (NLR Aleph) 011244832
100 ## - ДАННЫЕ ОБЩЕЙ ОБРАБОТКИ
Данные общей обработки 20161014d2016 k y0rusy50 ca
101 2# - ЯЗЫК РЕСУРСА
Язык текста, звукозаписи и т.д. русский
-- английский
102 ## - СТРАНА ПУБЛИКАЦИИ ИЛИ ПРОИЗВОДСТВА
Страна публикации Российская Федерация
105 ## - ПОЛЕ КОДИРОВАННЫХ ДАННЫХ: ТЕКСТОВЫЕ МАТЕРИАЛЫ, МОНОГРАФИЧЕСКИЕ
Кодированные данные о монографическом текстовом документе cha z 010gy
200 1# - ЗАГЛАВИЕ И СВЕДЕНИЯ ОБ ОТВЕТСТВЕННОСТИ
Основное заглавие Сонеты
Параллельное заглавие Sonnets
Первые сведения об ответственности Уильям Шекспир
Последующие сведения об ответственности подготовили А. Н. Горбунов [и др.
-- Российская академия наук]
Язык параллельного заглавия английский
210 ## - ПУБЛИКАЦИЯ, РАСПРОСТРАНЕНИЕ И ДР.
Место издания, распространения и т.д. Москва
Имя издателя, распространителя и т. д. Наука
Дата издания, распространения и т.д. 2016
215 ## - ФИЗИЧЕСКАЯ ХАРАКТЕРИСТИКА
Специфическое обозначение материала и объем 884 с., [9] л. ил., портр., факс.
Другие сведения о физической характеристике портр., факс.
Размеры 22
225 1# - СЕРИЯ
Основное заглавие серии Литературные памятники
Сведения, относящиеся к заглавию ЛП
Сведения об ответственности основана акад. С. И. Вавиловым
-- редкол.: ... А. Б. Куделин (пред.) и [др.]
300 ## - ОБЩИЕ ПРИМЕЧАНИЯ
Текст примечания Авт. также на англ. яз.: William Shakespeare
300 ## - ОБЩИЕ ПРИМЕЧАНИЯ
Текст примечания Текст сонетов на англ. и рус. яз.
300 ## - ОБЩИЕ ПРИМЕЧАНИЯ
Текст примечания В конце кн.: Изд. приурочено к году англ. яз. в России (2016) и 400-летнему юбилею со дня смерти поэта
320 ## - ПРИМЕЧАНИЯ О НАЛИЧИИ В ДОКУМЕНТЕ БИБЛИОГРАФИИ / УКАЗАТЕЛЯ
Текст примечания Библиогр. в примеч.: с. 770-868 и в подстроч. примеч.
510 1# - ПАРАЛЛЕЛЬНОЕ ЗАГЛАВИЕ
Связь между полями z22 790
Параллельное заглавие Sonnets
Язык заглавия английский
686 1# - ИНДЕКСЫ ДРУГИХ КЛАССИФИКАЦИЙ
Индекс Ш6(4Вл)43-5{Лх1293-175}
686 1# - ИНДЕКСЫ ДРУГИХ КЛАССИФИКАЦИЙ
Индекс Ш6(4Вл)437-5{Лх1293-175}
700 #1 - ИМЯ ЛИЦА - ПЕРВИЧНАЯ ОТВЕТСТВЕННОСТЬ
Материалы, к которым относится поле rus
Графика поля Кириллица
Начальный элемент ввода Шекспир
Часть имени, кроме начального элемента ввода У.
Даты 1564-1616
Расширение инициалов личного имени Уильям
Идентификатор авторитетной/нормативной записи RU\NLR\AUTH\771995
Системный номер авторитетной/нормативной записи 112012
790 #1 - ИМЯ ЛИЦА - АЛЬТЕРНАТИВНАЯ ФОРМА
Материалы, к которым относится поле eng
Графика поля Латинская
Начальный элемент ввода Shakespeare
Часть имени, кроме начального элемента ввода W.
Даты 1564-1616
Расширение инициалов личного имени William
Идентификатор авторитетной/нормативной записи RU\NLR\AUTH\773797
Системный номер авторитетной/нормативной записи 113789
942 ## - ДОПОЛНИТЕЛЬНЫЕ ЭЛЕМЕНТЫ ЗАПИСИ (АБИС)
Тип экземпляра АБИС Книга
980 ## - КОЛЛЕКЦИЯ
Название коллекции НБР

Нет доступных экземпляров.